| 000 | 01087nam a2200253Ia 4500 | ||
|---|---|---|---|
| 003 | Ost | ||
| 005 | 20260507075044.0 | ||
| 008 | 260507s9999||||xx |||||||||||||| ||und|| | ||
| 040 | _cfsecg | ||
| 041 | _aara | ||
| 082 | _a330 | ||
| 100 |
_aماهر، أحمد _eمؤلف |
||
| 245 | 0 |
_aالإختبارات وإستخدامها في إدارة الموارد البشرية والأفراد / _c أحمد ماهر |
|
| 260 |
_aالاسكندرية: _bالدار الجامعية, _c2003 |
||
| 300 |
_a415 صفحة؛ _bإيضاحات ؛ _c24 سم |
||
| 504 | _aببلوغرافيا ص.415 | ||
| 520 | _aما هي الإختبارات، اختبارات القياس النفسي والقدرات العقلية، استقصاء القياس النفسي(الشخصية)، كيف تستخدم الإختبارات، أشباه الإختبارات | ||
| 653 | _aالاحصاء | ||
| 653 | _aالاختبارات | ||
| 653 | _aالقياس | ||
| 653 | _aالموارد البشرية | ||
| 700 |
_aحلمي عبد الله، سمير _eمؤلف ثانوي |
||
| 942 | _cكتاب | ||
| 999 |
_c42540 _d42540 |
||